Prénoms féminins les plus donnés par pays de l'Union Européenne - Statistiques

Statistiques générales
  • Ce quiz a été pris 56 fois
  • Le résultat moyen est 12 sur 27
Réponses sur la Carte
Les réponses sont colorées sur une échelle allant du rouge au vert en fonction du pourcentage des utilisateurs qui les ont devinées à leur premier essai. Vous pouvez retrouver ces pourcentages ci-dessous.
 
Statistiques - réponses
Pays Prénom % Correct
Slovénie E{ma}
98%
Luxembourg E{mma}
98%
Bulgarie М{ария} (M{aria})
75%
Grèce Μ{αρία} (M{aria})
75%
Portugal M{aria}
75%
Roumanie M{aria}
75%
France L{ouise}
67%
Hongrie H{anna}
63%
Estonie S{ofia}
57%
Italie S{ofia}
57%
Slovaquie S{ofia}
57%
Allemagne S{ophia}
57%
Pologne Z{ofia}
57%
Croatie M{ia}
53%
Belgique O{livia}
45%
Pays-Bas J{ulia}
41%
Espagne L{ucía}
29%
Malte L{uċija}
29%
Suède E{lsa}
20%
Autriche E{milia}
14%
Lettonie E{milija}
14%
Chypre Α{ναστασία} (A{nastasia})
8%
Irlande G{race}
8%
Lituanie A{melija}
6%
Danemark F{rida}
6%
Finlande A{ino}
2%
République tchèque E{liška}
2%
Aucun quiz correspondant
Distribution des résultats
% des personnes avec chaque résultat
Percentile par nombre de réponses
Votre historique - résultats
Vous n’avez pas pris ce quiz